South Africa Anthem Lyrics - Statistics

General Stats
  • This quiz has been taken 12 times
  • The average score is 10 of 16
Answer Stats
Lyrics % Correct
Nkosi sikelel' iAfrika,
100%
In South Africa, our land.
89%
Let us live and strive for freedom,
89%
Sounds the call to come together,
89%
And united we shall stand.
78%
Morena boloka setjhaba sa heso,
67%
Uit die blou van onse hemel,
67%
Oor ons ewige gebergtes
56%
Uit die diepte van ons see,
56%
Maluphakanyisw' uphondo lwayo.
44%
Nkosi sikelela, thina lusapho lwayo.
44%
O se boloke, O se boloke setjhaba sa heso,
44%
Setjhaba sa, South Afrika, South Afrika.
44%
Yizwa imithandazo yethu,
44%
O fedise dintwa le matshwenyeho,
33%
Waar die kranse antwoord gee.
22%
No matching quizzes found
Score Distribution
Percent of People with Each Score
Percentile by Number Answered
Your Score History
You have not taken this quiz